Dolph Ziggler's WrestleMania Opponents - Statistics

General Stats
  • This quiz has been taken 15 times
  • The average score is 24 of 33
Answer Stats
WrestleMania Opponent % Correct
WrestleMania XXVII** John Morrison
100%
WrestleMania XXVI* Kane
100%
WrestleMania 29 Kane
100%
WrestleMania 32 The Miz
100%
WrestleMania XXVIII Zack Ryder
100%
WrestleMania 32 Zack Ryder
100%
WrestleMania 29 Daniel Bryan
92%
WrestleMania 31 Daniel Bryan
92%
WrestleMania 31 Bad News Barrett
83%
WrestleMania XXVI* Jack Swagger
83%
WrestleMania 32 Kevin Owens
83%
WrestleMania XXVIII Santino Marella
83%
WrestleMania 31 Stardust
83%
WrestleMania 32 Stardust
83%
WrestleMania XXVI* Drew McIntyre
75%
WrestleMania XXVI* Kofi Kingston
75%
WrestleMania XXVIII Kofi Kingston
75%
WrestleMania 32 Sami Zayn
75%
WrestleMania XXVI* Evan Bourne
67%
WrestleMania 31 Luke Harper
67%
WrestleMania XXVIII R-Truth
67%
WrestleMania 31 R-Truth
67%
WrestleMania XXVI* Shelton Benjamin
67%
WrestleMania 31 Dean Ambrose
58%
WrestleMania XXVI* Matt Hardy
58%
WrestleMania XXVI* MVP
58%
WrestleMania 36 Otis
58%
WrestleMania XXVIII Booker T
50%
WrestleMania 32 Sin Cara
50%
WrestleMania XXVI* Christian
42%
WrestleMania XXVII** Trish Stratus
42%
WrestleMania XXVIII The Great Khali
33%
WrestleMania XXVII** Nicole “Snooki” Polizzi
17%
No matching quizzes found
Score Distribution
Percent of People with Each Score
Percentile by Number Answered
Your Score History
You have not taken this quiz